[Event "POL-chT3 Kujawsko Pomorskie 1516"]
[Site "Poland"]
[Date "2016.02.14"]
[Round "6"]
[White "Tabaczka, Jerzy"]
[Black "Bultrowicz, Leszek"]
[Result "1-0"]
[WhiteElo "1750"]
[BlackElo "1499"]
[PlyCount "73"]
[EventDate "2015.11.08"]
[EventType "team-tourn"]
[EventRounds "9"]
[EventCountry "POL"]
[SourceTitle "EXT 2019"]
[Source "ChessBase"]
[SourceDate "2018.10.10"]
[SourceVersion "1"]
[SourceVersionDate "2018.10.10"]
[SourceQuality "1"]

1. c4 Nf6 2. Nc3 g6 3. g3 Bg7 4. e4 d6 5. Bg2 c6 6. a3 0-0 7. Nge2 Nbd7 8. d3 Ne5 9. 0-0 Be6 10. f4 Nh5 11. fxe5 Bxe5 12. Bf4 Nxf4 13. gxf4 Bxc3 14. Nxc3 Qb6+ 15. Kh1 Qxb2 16. Qc1 Qb6 17. f5 Bd7 18. Rb1 Qc7 19. f6 exf6 20. Rxf6 Kg7 21. Qf4 Be6 22. Ne2 Qe7 23. Rf1 Qd7 24. h4 Rad8 25. h5 Bh3 26. Qh4 Bxg2+ 27. Kxg2 Rde8 28. Qf4 Re5 29. Ng3 h6 30. hxg6 Rg5 31. Rxf7+ Rxf7 32. Qxf7+ Qxf7 33. gxf7 Kf8 34. Rf5 Rg6 35. Kf2 a6 36. Nh5 b5 37. Nf4 1-0

[Event "POL-chT3 Kujawsko Pomorskie 1516"]
[Site "Poland"]
[Date "2015.12.13"]
[Round "3"]
[White "Kubiak, Leszek"]
[Black "Tabaczka, Jerzy"]
[Result "1/2-1/2"]
[WhiteElo "1904"]
[BlackElo "1750"]
[PlyCount "61"]
[EventDate "2015.11.08"]
[EventType "team-tourn"]
[EventRounds "9"]
[EventCountry "POL"]
[SourceTitle "EXT 2019"]
[Source "ChessBase"]
[SourceDate "2018.10.10"]
[SourceVersion "1"]
[SourceVersionDate "2018.10.10"]
[SourceQuality "1"]

1. Nf3 d5 2. d4 b6 3. c4 e6 4. Nc3 Bb7 5. Bf4 c6 6. e3 h6 7. Bd3 Nf6 8. h3 Bd6 9. Ne5 dxc4 10. Bxc4 Nd5 11. Bg3 Bc7 12. 0-0 0-0 13. Bh2 Nd7 14. Nf3 Rc8 15. Rc1 Bxh2+ 16. Kxh2 N7f6 17. Qe2 a5 18. Rfd1 Re8 19. Kg1 Qe7 20. Ba6 Nb4 21. Bxb7 Qxb7 22. a3 Nbd5 23. Rc2 Nxc3 24. Rxc3 Nd5 25. Rc2 Red8 26. Rdc1 Rc7 27. Ne5 Rdc8 28. e4 Ne7 29. Qf3 Rf8 30. Qe3 Rfc8 31. Qf3 1/2-1/2

[Event "POL-chT 2nd League"]
[Site "Lazy"]
[Date "2012.09.09"]
[Round "9"]
[White "Tabaczka, Jerzy"]
[Black "Duszczak, Dariusz"]
[Result "0-1"]
[WhiteElo "1855"]
[BlackElo "2011"]
[PlyCount "74"]
[EventDate "2012.09.01"]
[EventType "team-swiss"]
[EventRounds "9"]
[EventCountry "POL"]
[SourceTitle "EXT 2019"]
[Source "ChessBase"]
[SourceDate "2018.10.10"]
[SourceVersion "1"]
[SourceVersionDate "2018.10.10"]
[SourceQuality "1"]
[WhiteTeam "Bydgoszcz SSz Pocztowiec"]
[BlackTeam "Kornik MUKS Wieza Kornicka"]
[WhiteTeamCountry "POL"]
[BlackTeamCountry "POL"]

1. c4 e6 2. Nc3 d5 3. cxd5 exd5 4. e3 Nf6 5. g3 Be7 6. Bg2 c6 7. Nge2 Bf5 8. d3 0-0 9. 0-0 Qd7 10. Nf4 Bb4 11. a3 Bxc3 12. bxc3 Na6 13. a4 Nc7 14. Qc2 Rfe8 15. Re1 h6 16. Bb2 Ne6 17. Ne2 Nc5 18. Rad1 Bh3 19. e4 Bxg2 20. Kxg2 dxe4 21. dxe4 Qc7 22. f3 Qa5 23. Ra1 Rad8 24. Red1 Rxd1 25. Qxd1 Rd8 26. Nd4 Qa6 27. Ba3 Qc4 28. Bxc5 Qxc5 29. Qb3 b6 30. h4 Qd6 31. Ra2 g6 32. Re2 Nh5 33. f4 c5 34. Nf3 Qe7 35. Ne5 Rd6 36. Nc4 Rd3 37. Ne5 Rxg3+ 0-1

[Event "POL-chT 2nd League"]
[Site "Lazy"]
[Date "2012.09.07"]
[Round "7"]
[White "Tabaczka, Jerzy"]
[Black "Szylko, Waldemar"]
[Result "0-1"]
[WhiteElo "1855"]
[BlackElo "2023"]
[PlyCount "90"]
[EventDate "2012.09.01"]
[EventType "team-swiss"]
[EventRounds "9"]
[EventCountry "POL"]
[SourceTitle "EXT 2019"]
[Source "ChessBase"]
[SourceDate "2018.10.10"]
[SourceVersion "1"]
[SourceVersionDate "2018.10.10"]
[SourceQuality "1"]
[WhiteTeam "Bydgoszcz SSz Pocztowiec"]
[BlackTeam "Lubsko Caissa"]
[WhiteTeamCountry "POL"]
[BlackTeamCountry "POL"]

1. c4 c6 2. g3 f5 3. Bg2 Nf6 4. Nc3 d6 5. e3 e5 6. Nge2 Be7 7. 0-0 0-0 8. b3 Qe8 9. f3 Qh5 10. d4 Nbd7 11. Ba3 e4 12. Nf4 Qh6 13. Qe2 exf3 14. Bxf3 Rb8 15. Rae1 Re8 16. b4 Nf8 17. Qg2 g5 18. Nd3 Bd7 19. b5 Rbc8 20. e4 fxe4 21. Bxe4 Bh3 22. Qf3 Bxf1 23. Rxf1 Nxe4 24. Nxe4 Qg6 25. bxc6 bxc6 26. c5 g4 27. Qg2 d5 28. Nef2 Bf6 29. Bb2 Bg7 30. Nf4 Qf5 31. N2d3 Qe4 32. Qxe4 Rxe4 33. Nf2 Bxd4 34. Bxd4 Rxd4 35. Nxg4 Rd2 36. Rb1 Kh8 37. Ne5 Re8 38. Nxc6 Nd7 39. Nb4 Nxc5 40. Nbxd5 Nd3 41. Nh5 Rxa2 42. Nhf6 Re1+ 43. Rxe1 Nxe1 44. h4 Nf3+ 45. Kf1 a5 0-1

[Event "POL-chT 2nd League"]
[Site "Lazy"]
[Date "2012.09.02"]
[Round "2"]
[White "Swiatnicki, Andrzej"]
[Black "Tabaczka, Jerzy"]
[Result "1-0"]
[WhiteElo "2127"]
[BlackElo "1855"]
[PlyCount "109"]
[EventDate "2012.09.01"]
[EventType "team-swiss"]
[EventRounds "9"]
[EventCountry "POL"]
[SourceTitle "EXT 2019"]
[Source "ChessBase"]
[SourceDate "2018.10.10"]
[SourceVersion "1"]
[SourceVersionDate "2018.10.10"]
[SourceQuality "1"]
[WhiteTeam "Konin Hetman"]
[BlackTeam "Bydgoszcz SSz Pocztowiec"]
[WhiteTeamCountry "POL"]
[BlackTeamCountry "POL"]

1. e4 c5 2. c3 g6 3. d4 cxd4 4. cxd4 Bg7 5. Nc3 d6 6. Be3 Nf6 7. h3 0-0 8. Nf3 a6 9. a4 b6 10. Bd3 Bb7 11. 0-0 Nc6 12. Rc1 Rc8 13. Qe2 Nb4 14. Bb1 Qd7 15. Rfd1 Bc6 16. b3 Bb7 17. Nd2 Qd8 18. f4 e6 19. Nf1 Re8 20. Ng3 Qe7 21. Na2 d5 22. e5 Nd7 23. Bd2 Nxa2 24. Bxa2 Qa3 25. Be3 Nb8 26. Rc2 Rxc2 27. Qxc2 Rc8 28. Qb1 Nc6 29. Bc1 Qb4 30. Ne2 a5 31. Qd3 Qe7 32. Bb1 Qc7 33. Ba3 Bf8 34. Bxf8 Kxf8 35. Rc1 Qd8 36. Qd2 Ba6 37. Bd3 Bxd3 38. Qxd3 Nb4 39. Qd2 Rxc1+ 40. Qxc1 Qd7 41. Qc3 Kg7 42. Kf2 h6 43. g4 Qe7 44. Ng3 Na2 45. Qc2 Nb4 46. Qd2 Qd7 47. f5 b5 48. g5 exf5 49. gxh6+ Kh7 50. Qg5 f4 51. Qf6 Kxh6 52. Qh8+ Kg5 53. Kf3 fxg3 54. h4+ Kf5 55. Qf6# 1-0